| 000 | 01244nab a2200301uuc4500 | ||
|---|---|---|---|
| 001 | 1443770 | ||
| 005 | 20240831090938.0 | ||
| 007 | cr||||||| | ||
| 008 | 160621e20160601 eng | ||
| 035 | _a1443770 | ||
| 040 | _ccomduadb | ||
| 041 | _aeng | ||
| 100 | 1 | 0 |
_aArias Londoño, Julián David _4aut _eaut _9564200 |
| 245 | 1 | 0 | _aOn-line signature verification using Gaussian Mixture Models and small-sample learning strategies |
| 650 |
_aProceso de verificación _9208391 |
||
| 650 |
_aFirma electrónica _9105161 |
||
| 650 |
_aDistribución Gaussiana _937759 |
||
| 650 | 7 |
_aEstrategias de aprendizaje _2armarc _956901 |
|
| 650 |
_aEstimación bayesiana _9193800 |
||
| 650 |
_aMáquinas de soporte vectorial _9129239 |
||
| 700 | 1 | 0 |
_aZapata Zapata, Gabriel Jaime _4aut _eaut _9745468 |
| 700 | 1 | 0 |
_aVargas Bonilla, Jesús Francisco _4aut _eaut _9620037 |
| 700 | 1 | 0 |
_aOrozco Arroyave, Juan Rafael _4aut _eaut _9393200 |
| 773 | 0 |
_tRevista Facultad de Ingeniería (Medellín) _gNúmero 79, Junio 2016, 14 páginas _w120998 _x0120-6230 _067890 |
|
| 856 | 4 | _uhttps://aprendeenlinea.udea.edu.co/revistas/index.php/ingenieria/article/view/22931/20780413 | |
| 856 | 4 | _uhttp://bibliotecadigital.udea.edu.co/handle/10495/5917 | |
| 942 | _cARIMP | ||
| 999 |
_c737726 _d737726 |
||